The good research guide : (Record no. 598944)
[ view plain ]
| 000 -LEADER | |
|---|---|
| fixed length control field | 00332nam a2200109Ia 4500 |
| 008 - FIXED-LENGTH DATA ELEMENTS--GENERAL INFORMATION | |
| fixed length control field | 230907s9999||||xx |||||||||||||| ||und|| |
| 082 ## - DEWEY DECIMAL CLASSIFICATION NUMBER | |
| Classification number | 300.72 |
| Author Mark | DEN |
| 100 ## - MAIN ENTRY--PERSONAL NAME | |
| Personal name | Denscombe, Martyn. |
| 9 (RLIN) | 4239 |
| 245 #4 - TITLE STATEMENT | |
| Title | The good research guide : |
| 260 ## - PUBLICATION, DISTRIBUTION, ETC. | |
| Place of publication, distribution, etc. | Open University Press, |
| Name of publisher, distributor, etc. | Maidenhead, Berkshire, England ; | New York : |
| Date of publication, distribution, etc. | 2010 |
| 942 ## - ADDED ENTRY ELEMENTS (KOHA) | |
| Koha item type | Book |
| Withdrawn status | Lost status | Damaged status | Not for loan | Permanent Location | Current Location | Date acquired | Total Checkouts | Full call number | Barcode | Date last seen | Price effective from | Koha item type |
|---|---|---|---|---|---|---|---|---|---|---|---|---|
| US-Pakistan Center for Advanced Studies in Energy (USPCAS-E) | US-Pakistan Center for Advanced Studies in Energy (USPCAS-E) | 08/22/2019 | 300.72 DEN | CAS-E0003043 | 09/12/2023 | 09/12/2023 | Book |
